Responses for Show #3647 - Tuesday, June 13, 2000

Contestants

[<< previous game]

Kari Elias, a banker from New York City, New York

Steven Silver, a technical writer from Northbrook, Illinois

Jason Parker, a graduate student from Gainesville, Florida (whose 4-day cash winnings total $59,800)

[next game >>]

Jeopardy! Round responses

SAINTS ON THE MAP
COUPLES THERAPY
THE RATING GAME
METHODS OF EXECUTION
(Alex: I don't know why that seems funny to me!)
PEOPLE
ENDS IN "EE"
    $100 1
St. Petersburg

Jason
    $100 21
Intimacy

Jason
    $100 24
(Steven: What is Michelin?)

AAA

JasonSteven
    $100 6
Burning at the stake

Steven
    $100 11
Kathie Lee Gifford

Steven
    $100 16
Yankee

Kari
    $200 2
St. Louis

Jason
    $200 22
The Blame Game

Jason
    $200 27
Chili peppers

Jason
    $200 7
Electric chair

Kari
    $200 12
Hugh Grant

Jason
    $200 17
Frisbee

Steven
    $300 3
(Kari: What is St. Catherine?)

St. Christopher

Kari
Triple Stumper
    $300 23
Money

Steven
    $300 28
Adults Only

Kari
    $300 8
Guillotine

Jason
    $500 13
(Jason: What is Mount Everest?)

the Grand Canyon

Jason
    $300 18
Marquee

Jason
    $400 4
St. George's

Kari
    $400 25
Jealousy

Jason
    $400 29
J.D. Power

Jason
    $400 9
Hanging

Steven
    $400 14
Roseanne

Steven
    $400 19
Committee

Steven
    $500 5
St. Andrews

Steven
    $500 26
Living quarters

Jason
    $500 30
SoundScan

Jason
    $500 10
Firing squad

Jason
    $500 15
Robert Atkins

Steven
    $500 20
Rupee

Jason

Scores at the first commercial break (after clue 15):

Jason Steven Kari
$800 $2,000 $300

Scores at the end of the Jeopardy! Round:

Jason Steven Kari
$4,000 $2,800 $700

Double Jeopardy! Round responses

EUROPEAN HISTORY
SPORTS LEAGUES
UNREAL ESTATE
BEASTLY COMMON BONDS
ON THE GO
A LITTLE FOREIGN NUMBER
    $200 1
Mary I ("Bloody Mary")

Kari
    $200 7
AFL & NFL

Jason
    $200 6
Tara

Jason
    $200 26
(Jason: What are birds?)

butterflies

JasonKari
    $200 21
Greyhound

Steven
    $200 16
5

Jason
    $400 2
Prague

Jason
    $400 8
National League

Steven
    $400 9
the House of the Seven Gables

Jason
    $400 27
Frogs

Triple Stumper
    $400 22
Lincoln

Jason
    $400 17
7

Jason
    $600 3
Cyprus

Steven
    $1,200 10
(Jason: What is Football?)

Tennis

Jason
    $600 13
Toad Hall

Steven
    $600 28
Cattle/bulls

Jason
    $600 23
Bicycle built for two

Kari
    $600 18
50% (2 people)

Jason
    $800 4
(Kari: What is the Charlois?)

Carolingian

StevenKari
    $800 11
Soccer

Kari
    $800 14
Jane Austen

Kari
    $2,000 29
(Jason: What is black?)

fish

Jason
    $800 24
Air France (or British Airways)

Jason
    $800 19
4 (you ate eight)

Jason
    $1000 5
Battle of the Boyne

Triple Stumper
    $1000 12
CBA (Continental Basketball Association)

Jason
    $1000 15
(Kari: Oh, I've forgotten!)

Manderley

Kari
Triple Stumper
    $1000 30
Pigs/hogs

Kari
    $1000 25
(Alex: With about a minute left.)

Pennsylvania

Jason
    $1000 20
(Jason: What is three?)

drei

JasonKari

Scores at the end of the Double Jeopardy! Round:

Jason Steven Kari
$6,600 $5,400 $3,500

[wagering suggestions for these scores]

Final Jeopardy! Round responses

FAMOUS SCIENTISTS
(Alex: Jason, with 4 wins & $59,800, we might see you in the Tournament of Champions - we'll just have to see what happens over the year.)
KariWho was Newton?
$3,300
StevenWho was Newton?
$2,000
JasonWho was Bacon?
$4,300
Sir Isaac Newton

Final scores:

Jason Steven Kari
$2,300 $7,400 $6,800
3rd place: TicketsNow.com Gift Certificate New champion: $7,400 2nd place: Trip to Bahamia Resort, Grand Bahama Island

Game dynamics:

Coryat scores:

Jason Steven Kari
$10,300 $5,400 $3,500
28 R,
5 W
(including 3 DDs)
14 R,
1 W
11 R,
3 W

Combined Coryat: $19,200

[game clues] [game scores] [suggest correction]

Game tape date: 2000-03-01
The J! Archive is created by fans, for fans. Scraping, republication, monetization, and malicious use prohibited; this site may use cookies and collect identifying information. See terms. The Jeopardy! game show and all elements thereof, including but not limited to copyright and trademark thereto, are the property of Jeopardy Productions, Inc. and are protected under law. This website is not affiliated with, sponsored by, or operated by Jeopardy Productions, Inc. Join the discussion at JBoard.tv.